000 01131cam a2200241 i 4500
003 SA-RiAUC
005 20250922130324.0
008 250915q19001999ua g 00000 ara c
040 _aSA-JeALM
_bara
_cSA-RiAUC
_erda
082 0 4 _a412
090 _a412
_bا ب و هـ
100 1 _aأبو هلال العسكري، الحسن بن عبد الله بن سهل،
_dتوفي بعد 395 هجري
_eمؤلف.
245 1 2 _aالفروق اللغوية عن أربع نسخ مخطوطة /
_cأبو هلال العسكري ؛ ضبطه وحققه حسام الدين القدسي.
264 1 _aالقاهرة :
_aبيروت :
_bدار زاهد القدسي،
_bدار الكتب العلمية.
_c[بين 1900 و1999]
300 _a260 صفحة ؛
_c24 سم
336 _aنص
_btxt
_2rdacontent
_3كتاب
337 _aبدون وسيط
_bn
_2rdamedia
338 _aمجلد
_bnc
_2rdacarrier
500 _aملاحظات من الشيخ رحمه الله في بداية الكتاب
650 7 _aاللغة العربية
_xتعبيرات اصطلاحية
_2aucsh
942 _2ddc
_cBOOK
_n0
949 _aSA-JeALM
_d250915
_uosman123
_n1
999 _c12011
_d12011